| 000 | 00386nam a2200145Ia 4500 | ||
|---|---|---|---|
| 008 | 230917s9999||||xx |||||||||||||| ||und|| | ||
| 040 |
_e39655 _aMAIN |
||
| 041 | _aEnglish | ||
| 082 | _a658.8 B247M | ||
| 100 | _aNArksdale, H C, ed. | ||
| 245 | 0 | _aMarketing: Change and exchange reading from fortune | |
| 260 |
_aNew York _bHolt, Rinehart _c1964 |
||
| 300 | _ax, 322 p. | ||
| 942 | _cBK | ||
| 999 |
_c168264 _d168264 |
||